| 000 | 00473nam a22001937a 4500 | ||
|---|---|---|---|
| 005 | 20260212112252.0 | ||
| 008 | 260211b |||||||| |||| 00| 0 eng d | ||
| 020 |
_a9780241253045 _c$ 18.00 |
||
| 040 | _aMAIN | ||
| 082 |
_a181.452 _bM296R |
||
| 100 | _aMallinson, James | ||
| 245 | _aRoots of yoga | ||
| 260 |
_aNew Zealand _bPenguin Books _c2017 |
||
| 300 | _axl, 540 | ||
| 650 | _aIndian Philosophy | ||
| 650 | _aYoga | ||
| 700 | _aSingleton, Mark | ||
| 942 | _cBK | ||
| 999 |
_c397015 _d397015 |
||